000 00534nam a22001937a 4500
999 _c172299
_d172299
005 20200131121203.0
010 _aENG-127585
020 _a9789351950721
_c399.00
035 _aEN-111117
037 _bDBAD/PUB
082 _aN
100 _aBalan, Judy
245 _aI have a theory about that /
_cby Judy Balan
260 _aGurugram
_bHachette India
_c2019
270 _bGurugram
_a4th & 5th floor , corporate centre, plot no-94,sector-44
_e122003
300 _a244p.
_b20 cm(pbk)
500 _a
942 _2ddc
_cEN
_hN
_mBAL